[Event "Austin AGCA GM"]
[Site "Austin"]
[Date "2024.01.14"]
[Round "6"]
[White "Dudin, Gleb"]
[Black "Belous, Vladimir"]
[Result "1-0"]
[WhiteElo "2533"]
[BlackElo "2490"]
[PlyCount "105"]
[EventDate "2024.01.11"]
[EventType "tourn"]
[EventRounds "9"]
[EventCountry "USA"]
[EventCategory "7"]
[SourceTitle "CB04_2024"]
[SourceDate "2023.10.16"]
[SourceVersion "1"]
[SourceVersionDate "2023.10.16"]
[SourceQuality "1"]

1. d4 Nf6 2. c4 g6 3. Nc3 d5 4. cxd5 Nxd5 5. Bd2 Nb6 6. e3 Bg7 7. Nf3 0-0 8. h3 Nc6 9. Bb5 Bd7 10. 0-0 e5 11. Bxc6 Bxc6 12. Nxe5 Bxe5 13. dxe5 Nc4 14. Bc1 Nxe5 15. e4 Qh4 16. Qd2 f5 17. Qh6 Qf6 18. Bg5 Qe6 19. Qh4 Nd3 20. Nd5 Bxd5 21. exd5 Qxd5 22. Rad1 c5 23. b3 b5 24. Be7 Rfc8 25. Bf6 Rc7 26. Ba1 Rf7 27. Rfe1 c4 28. Re5 Qd7 29. bxc4 bxc4 30. Rc5 f4 31. Rxc4 Qe7 32. Qxe7 Rxe7 33. Bd4 Ne5 34. Bxe5 Rxe5 35. Rd7 Rf8 36. Rcc7 Rh5 37. f3 a5 38. a4 Rff5 39. Ra7 Rf8 40. Rdb7 Kh8 41. Kf1 Kg8 42. Re7 Rb8 43. Rg7+ Kh8 44. Rgf7 Kg8 45. Rxf4 Rb1+ 46. Kf2 Rb2+ 47. Kg1 Rg5 48. Rg4 Rxg4 49. hxg4 Ra2 50. Rxa5 Kg7 51. g5 h5 52. Ra7+ Kf8 53. Kh2 1-0

[Event "Redmond PNWCC Artist 2"]
[Site "Redmond"]
[Date "2023.08.31"]
[Round "3.1"]
[White "Vemparala, Nikash"]
[Black "Belous, Vladimir"]
[Result "1/2-1/2"]
[WhiteElo "2187"]
[BlackElo "2521"]
[PlyCount "120"]
[EventDate "2023.08.29"]
[EventType "schev"]
[EventRounds "10"]
[EventCountry "USA"]
[SourceTitle "EXT 2024"]
[Source "ChessBase"]
[SourceDate "2023.10.10"]
[SourceVersion "1"]
[SourceVersionDate "2023.10.10"]
[SourceQuality "1"]
[WhiteTeam "Challengers"]
[BlackTeam "Masters"]
[WhiteTeamCountry "USA"]
[BlackTeamCountry "USA"]

1. e4 c5 2. Nf3 d6 3. d4 Nf6 4. Nc3 cxd4 5. Nxd4 Nc6 6. f3 e6 7. Be3 Be7 8. Qd2 a6 9. 0-0-0 Bd7 10. g4 Rc8 11. h4 Ne5 12. Rg1 b5 13. a3 0-0 14. g5 Nh5 15. f4 Nc4 16. Bxc4 Rxc4 17. f5 Qc8 18. f6 Bd8 19. Nb3 Bc7 20. fxg7 Nxg7 21. Bd4 d5 22. Qf2 Nh5 23. exd5 Bf4+ 24. Kb1 e5 25. Bc5 Bf5 26. Bb4 Re8 27. Na5 Rxb4 28. axb4 e4 29. Qc5 Qd7 30. Qc6 e3 31. Qxd7 Bxd7 32. Ne2 Bd6 33. Nb7 Bxb4 34. c3 Bf8 35. d6 b4 36. c4 a5 37. Kc1 a4 38. Rd3 Ra8 39. Rxe3 Bc6 40. Nc5 Bxd6 41. Nd3 a3 42. bxa3 Rxa3 43. Kb2 Nf4 44. Nexf4 Bxf4 45. Nxf4 Rxe3 46. Nd5 Bxd5 47. cxd5 Rd3 48. Rg4 Rxd5 49. Rxb4 Kg7 50. Kc3 Rd6 51. Rd4 Re6 52. Kd3 Kg6 53. Rf4 h6 54. gxh6 f6 55. Kd4 Kxh6 56. Re4 Ra6 57. Ke3 Kh5 58. Kf4 Ra1 59. Kf5 Rf1+ 60. Rf4 Rxf4+ 1/2-1/2

[Event "Titled Tuesday intern op 07th Feb Early"]
[Site "Chess.com INT"]
[Date "2023.02.07"]
[Round "1"]
[White "Belous, Vladimir"]
[Black "Dushyant, Sharma"]
[Result "1-0"]
[WhiteElo "2505"]
[BlackElo "2355"]
[PlyCount "65"]
[EventDate "2023.02.07"]
[EventType "swiss (blitz)"]
[EventRounds "11"]
[EventCountry "USA"]
[SourceTitle "EXT 2024"]
[Source "ChessBase"]
[SourceDate "2023.10.10"]
[SourceVersion "1"]
[SourceVersionDate "2023.10.10"]
[SourceQuality "1"]

1. c4 e6 2. Nf3 d5 3. g3 Nf6 4. Bg2 Be7 5. 0-0 0-0 6. b3 c5 7. Bb2 Nc6 8. e3 b6 9. Qe2 Bb7 10. Nc3 Rc8 11. Rad1 d4 12. exd4 cxd4 13. Nb5 d3 14. Qe3 Nb4 15. Ne5 Bxg2 16. Kxg2 a6 17. Nc3 Bc5 18. Qf3 b5 19. a3 Nc2 20. cxb5 axb5 21. Nxb5 Nd4 22. Bxd4 Bxd4 23. Nc6 Rxc6 24. Qxc6 Bb6 25. b4 Qb8 26. Rc1 Nd5 27. Nd6 Rd8 28. Nc4 Bd4 29. Ne3 Bxe3 30. fxe3 Qe5 31. Qd7 Qe4+ 32. Kg1 Rf8 33. Qxf7+ 1-0

[Event "North American op 32nd"]
[Site "Las Vegas"]
[Date "2022.12.29"]
[Round "8"]
[White "Fernandez de La Vara, Arnaldo"]
[Black "Belous, Vladimir"]
[Result "0-1"]
[WhiteElo "2462"]
[BlackElo "2517"]
[PlyCount "88"]
[EventDate "2022.12.26"]
[EventType "swiss"]
[EventRounds "9"]
[EventCountry "USA"]
[SourceTitle "CBM 211 Extra"]
[Source "ChessBase"]
[SourceDate "2023.01.31"]
[SourceVersion "1"]
[SourceVersionDate "2023.01.31"]
[SourceQuality "1"]

1. Nf3 c5 2. b3 d6 3. c4 e5 4. Nc3 g6 5. Bb2 Bg7 6. d3 Nc6 7. g3 Nge7 8. Bg2 0-0 9. 0-0 h6 10. Nd2 Be6 11. a3 d5 12. cxd5 Nxd5 13. Nxd5 Bxd5 14. Bxd5 Qxd5 15. b4 cxb4 16. axb4 Rfc8 17. Bc3 Ne7 18. Ra3 Qe6 19. b5 Nd5 20. Ba1 Rc5 21. Qb3 Qd7 22. Rb1 Rac8 23. Nc4 Qh3 24. Qd1 e4 25. Bxg7 Kxg7 26. Qf1 Qe6 27. Rxa7 Nc3 28. Rb2 exd3 29. exd3 Nxb5 30. Rxb7 Nd4 31. f3 Rf5 32. f4 Qc6 33. Qa1 Kh7 34. Qa7 Nf3+ 35. Kf1 Ng5 36. Rf2 Re8 37. Re7 Qh1+ 38. Ke2 Ra8 39. Qb7 Ra2+ 40. Nd2 Qc1 41. Qb4 Ne6 42. Rxe6 Rb5 43. f5 Rxb4 44. fxg6+ Kh8 0-1

[Event "North American op 32nd"]
[Site "Las Vegas"]
[Date "2022.12.28"]
[Round "6"]
[White "Jin, Ashton"]
[Black "Belous, Vladimir"]
[Result "0-1"]
[WhiteElo "2170"]
[BlackElo "2517"]
[PlyCount "66"]
[EventDate "2022.12.26"]
[EventType "swiss"]
[EventRounds "9"]
[EventCountry "USA"]
[SourceTitle "CBM 211 Extra"]
[Source "ChessBase"]
[SourceDate "2023.01.31"]
[SourceVersion "1"]
[SourceVersionDate "2023.01.31"]
[SourceQuality "1"]

1. d4 Nf6 2. c4 g6 3. g3 Bg7 4. Bg2 0-0 5. Nc3 d6 6. Nf3 Nbd7 7. 0-0 e5 8. e4 Re8 9. h3 a6 10. Re1 exd4 11. Nxd4 Ne5 12. b3 c5 13. Nc2 Rb8 14. a4 Be6 15. Be3 Qa5 16. Nd5 Bxd5 17. cxd5 b5 18. f4 Ned7 19. Bd2 Qc7 20. axb5 axb5 21. Bc3 Qb6 22. Qf3 b4 23. Bb2 c4+ 24. Bd4 Nc5 25. e5 dxe5 26. fxe5 Nfd7 27. bxc4 Nxe5 28. Qe3 Bf8 29. Bxe5 Rxe5 30. Qd4 Rxe1+ 31. Rxe1 b3 32. Ne3 b2 33. Rb1 Bg7 0-1

[Event "North American op 32nd"]
[Site "Las Vegas"]
[Date "2022.12.27"]
[Round "3"]
[White "Belous, Vladimir"]
[Black "Hiwale, Ronak"]
[Result "1-0"]
[WhiteElo "2517"]
[BlackElo "1934"]
[PlyCount "57"]
[EventDate "2022.12.26"]
[EventType "swiss"]
[EventRounds "9"]
[EventCountry "USA"]
[SourceTitle "CBM 211 Extra"]
[Source "ChessBase"]
[SourceDate "2023.01.31"]
[SourceVersion "1"]
[SourceVersionDate "2023.01.31"]
[SourceQuality "1"]

1. c4 Nf6 2. Nc3 g6 3. e4 Bg7 4. d4 d6 5. h3 0-0 6. Bg5 h6 7. Be3 e5 8. d5 a5 9. Nf3 Na6 10. Nd2 Nh5 11. g3 Kh7 12. Be2 Nf6 13. g4 Ng8 14. Bd3 f5 15. gxf5 gxf5 16. exf5 Bxf5 17. Bxf5+ Rxf5 18. Qb1 Ne7 19. Nf3 Kh8 20. Nh4 Rh5 21. Qe4 Qd7 22. Qg4 Qe8 23. Ne4 Nb4 24. Kd2 Nexd5 25. Rhg1 Qf7 26. Ng6+ Kg8 27. Qxh5 Nxe3 28. fxe3 Qxc4 29. Nf6+ 1-0

[Event "North American op 32nd"]
[Site "Las Vegas"]
[Date "2022.12.26"]
[Round "2"]
[White "Liang, Yu Cheng"]
[Black "Belous, Vladimir"]
[Result "1-0"]
[WhiteElo "2071"]
[BlackElo "2517"]
[PlyCount "69"]
[EventDate "2022.12.26"]
[EventType "swiss"]
[EventRounds "9"]
[EventCountry "USA"]
[SourceTitle "CBM 211 Extra"]
[Source "ChessBase"]
[SourceDate "2023.01.31"]
[SourceVersion "1"]
[SourceVersionDate "2023.01.31"]
[SourceQuality "1"]

1. d4 g6 2. c4 Bg7 3. e4 d6 4. Nc3 Nc6 5. Be3 Nf6 6. h3 0-0 7. Nf3 e5 8. d5 Nd4 9. Nxd4 exd4 10. Bxd4 Re8 11. Be2 Nxe4 12. Bxg7 Kxg7 13. Qd4+ Qf6 14. Qxf6+ Kxf6 15. Nxe4+ Rxe4 16. Kd2 Bf5 17. f3 Re7 18. Rae1 Rae8 19. g4 Bd7 20. h4 Ke5 21. Ke3 f5 22. g5 f4+ 23. Kd3 Kf5 24. Kd2 Re3 25. Bd3+ Rxd3+ 26. Kxd3 Re5 27. Rxe5+ dxe5 28. Re1 b5 29. cxb5 Bxb5+ 30. Kc3 a5 31. a4 Bxa4 32. Ra1 Bb5 33. Kd2 a4 34. Rc1 e4 35. Rc5 1-0

[Event "Bay Area GM"]
[Site "San Jose"]
[Date "2022.12.09"]
[Round "5"]
[White "Ostrovskiy, Aleksandr A"]
[Black "Belous, Vladimir"]
[Result "1-0"]
[WhiteElo "2391"]
[BlackElo "2517"]
[PlyCount "109"]
[EventDate "2022.12.07"]
[EventType "tourn"]
[EventRounds "9"]
[EventCountry "USA"]
[EventCategory "8"]
[SourceTitle "CBM 211 Extra"]
[Source "ChessBase"]
[SourceDate "2023.01.31"]
[SourceVersion "1"]
[SourceVersionDate "2023.01.31"]
[SourceQuality "1"]

1. e4 c5 2. Nf3 e6 3. d4 cxd4 4. Nxd4 a6 5. Bd3 Bc5 6. Nb3 Be7 7. Qg4 g6 8. Qe2 Nc6 9. 0-0 Qc7 10. a4 b6 11. Nc3 Bb7 12. h3 d6 13. Kh1 Ne5 14. f4 Nxd3 15. cxd3 Nf6 16. Be3 0-0 17. Rac1 Qd8 18. Qf2 Nd7 19. Nd4 Rc8 20. Rfd1 Bh4 21. Qg1 Bf6 22. Qf2 Bg7 23. Rc2 Qe7 24. Nf3 f5 25. exf5 Rxf5 26. Ne4 e5 27. Rxc8+ Bxc8 28. Qc2 Rf8 29. Qb3+ Kh8 30. fxe5 Nxe5 31. Nxe5 Bxe5 32. Bg5 Qg7 33. Qxb6 d5 34. Nc3 h6 35. Bc1 d4 36. Ne4 Bxh3 37. Qc5 Bg4 38. Re1 Rf5 39. Qc8+ Kh7 40. Qe8 Rh5+ 41. Kg1 Bd7 42. Qd8 Bh2+ 43. Kf1 Rf5+ 44. Ke2 Rf8 45. Qh4 Be5 46. Rf1 Rf5 47. g4 Rxf1 48. Kxf1 Qf8+ 49. Ke2 Bg7 50. Bxh6 Bxg4+ 51. Qxg4 Bxh6 52. Qd7+ Bg7 53. Ng5+ Kg8 54. Qe6+ Kh8 55. Qxg6 1-0

[Event "Titled Tuesday intern op 25th Oct Late"]
[Site "Chess.com INT"]
[Date "2022.10.25"]
[Round "1"]
[White "Belous, Vladimir"]
[Black "Winterberg, Lukas"]
[Result "1-0"]
[WhiteElo "2525"]
[BlackElo "2394"]
[PlyCount "57"]
[EventDate "2022.10.25"]
[EventType "swiss (blitz)"]
[EventRounds "11"]
[EventCountry "USA"]
[SourceTitle "EXT 2024"]
[Source "ChessBase"]
[SourceDate "2023.10.10"]
[SourceVersion "1"]
[SourceVersionDate "2023.10.10"]
[SourceQuality "1"]

1. c4 e6 2. Nf3 d5 3. g3 Nf6 4. Bg2 Be7 5. 0-0 0-0 6. b3 d4 7. e3 c5 8. exd4 cxd4 9. Re1 Nc6 10. Bb2 Ng4 11. Na3 f6 12. d3 e5 13. Nc2 a5 14. a3 Bd7 15. Bc1 Rb8 16. h3 Nh6 17. Bxh6 gxh6 18. Qd2 Kg7 19. b4 b5 20. c5 Qc7 21. Nfxd4 Nxd4 22. Nxd4 Bxc5 23. bxc5 exd4 24. Re7+ Rf7 25. Rxf7+ Kxf7 26. Qxh6 Bf5 27. Bd5+ Ke7 28. Re1+ Kd8 29. Qf8+ 1-0

[Event "Titled Tuesday intern op 04th Oct Late"]
[Site "Chess.com INT"]
[Date "2022.10.04"]
[Round "3"]
[White "Belous, Vladimir"]
[Black "Dimitrov, Atanas Valtchev"]
[Result "1-0"]
[WhiteElo "2525"]
[BlackElo "2269"]
[PlyCount "71"]
[EventDate "2022.10.04"]
[EventType "swiss (blitz)"]
[EventRounds "11"]
[EventCountry "USA"]
[SourceTitle "EXT 2023"]
[Source "ChessBase"]
[SourceDate "2022.10.05"]
[SourceVersion "1"]
[SourceVersionDate "2022.10.05"]
[SourceQuality "1"]

1. c4 e5 2. g3 g6 3. Bg2 Bg7 4. Nf3 Nc6 5. 0-0 Nge7 6. Nc3 0-0 7. Rb1 a5 8. a3 d6 9. b4 axb4 10. axb4 h6 11. d3 Be6 12. b5 Nb8 13. Nd2 Qc8 14. Nde4 Nd7 15. Bb2 Kh7 16. Ra1 f5 17. Nd2 Nc5 18. Qc2 Qd7 19. Nb3 Nxb3 20. Qxb3 c6 21. Na4 Qc7 22. Nc3 g5 23. Rfb1 g4 24. Rxa8 Rxa8 25. bxc6 bxc6 26. Bc1 Bf6 27. Be3 h5 28. h4 gxh3 29. Bxh3 h4 30. Ne4 fxe4 31. Bxe6 hxg3 32. fxg3 exd3 33. Qxd3+ Kg7 34. Qe4 Rh8 35. Qg4+ Kf8 36. Rf1 1-0

[Event "Titled Tuesday intern op 06th Sep Early"]
[Site "Chess.com INT"]
[Date "2022.09.06"]
[Round "3"]
[White "Belous, Vladimir"]
[Black "Chan, Luis"]
[Result "1-0"]
[WhiteElo "2525"]
[BlackElo "2192"]
[PlyCount "43"]
[EventDate "2022.09.06"]
[EventType "swiss (blitz)"]
[EventRounds "11"]
[EventCountry "USA"]
[SourceTitle "EXT 2023"]
[Source "ChessBase"]
[SourceDate "2022.10.05"]
[SourceVersion "1"]
[SourceVersionDate "2022.10.05"]
[SourceQuality "1"]

1. c4 Nf6 2. Nf3 g6 3. Nc3 d6 4. d4 Bf5 5. Nh4 Bd7 6. e4 Bg7 7. h3 0-0 8. Nf3 c5 9. d5 e6 10. Bd3 exd5 11. exd5 b5 12. cxb5 a6 13. 0-0 axb5 14. Bxb5 Ne4 15. Nxe4 Bxb5 16. Re1 Qc7 17. Bf4 Ra6 18. Rc1 Nd7 19. Nd4 Rb8 20. Nxb5 Rxb5 21. Qd3 Rbb6 22. Nxd6 1-0

[Event "Titled Tuesday intern op 06th Sep Late"]
[Site "Chess.com INT"]
[Date "2022.09.06"]
[Round "7"]
[White "Belous, Vladimir"]
[Black "Naroditsky, Daniel"]
[Result "0-1"]
[WhiteElo "2525"]
[BlackElo "2617"]
[PlyCount "66"]
[EventDate "2022.09.06"]
[EventType "swiss (blitz)"]
[EventRounds "11"]
[EventCountry "USA"]
[SourceTitle "EXT 2023"]
[Source "ChessBase"]
[SourceDate "2022.10.05"]
[SourceVersion "1"]
[SourceVersionDate "2022.10.05"]
[SourceQuality "1"]

1. c4 g6 2. Nf3 Bg7 3. Nc3 d6 4. g3 Nf6 5. Bg2 0-0 6. 0-0 e5 7. d3 Re8 8. Bg5 h6 9. Bxf6 Bxf6 10. Rb1 c6 11. b4 d5 12. b5 e4 13. dxe4 Bxc3 14. exd5 cxd5 15. cxd5 Bf5 16. Rc1 Bg7 17. Nd4 Be4 18. Bxe4 Rxe4 19. Nb3 Nd7 20. d6 Re6 21. Qd3 Ne5 22. Qd5 Rxd6 23. Qxb7 Rb6 24. Qe4 Rxb5 25. Rfd1 Qe8 26. Rc7 a5 27. Nd4 Rb4 28. a3 Rc4 29. Rb7 Rd8 30. e3 Qc6 31. Qb1 Rdxd4 32. exd4 Nf3+ 33. Kf1 Nd2+ 0-1

[Event "Titled Tuesday intern op 06th Sep Early"]
[Site "Chess.com INT"]
[Date "2022.09.06"]
[Round "7"]
[White "Belous, Vladimir"]
[Black "Tica, Sven"]
[Result "1-0"]
[WhiteElo "2525"]
[BlackElo "2436"]
[PlyCount "61"]
[EventDate "2022.09.06"]
[EventType "swiss (blitz)"]
[EventRounds "11"]
[EventCountry "USA"]
[SourceTitle "EXT 2023"]
[Source "ChessBase"]
[SourceDate "2022.10.05"]
[SourceVersion "1"]
[SourceVersionDate "2022.10.05"]
[SourceQuality "1"]

1. c4 g6 2. Nc3 Bg7 3. Nf3 d6 4. d4 Nd7 5. e4 e5 6. Be2 Ne7 7. 0-0 0-0 8. Re1 h6 9. Rb1 f5 10. b3 exd4 11. Nxd4 Nc5 12. Bf3 fxe4 13. Nxe4 Nf5 14. Bb2 Nh4 15. Nxc5 Nxf3+ 16. Nxf3 Bxb2 17. Qd5+ Kh8 18. Nxb7 Bxb7 19. Qxb7 Bg7 20. Re6 g5 21. Rbe1 g4 22. Nd2 Qh4 23. R6e2 Bd4 24. g3 Qf6 25. Ne4 Qf3 26. Qd5 c5 27. Qxd6 Rae8 28. Qxh6+ Kg8 29. Nf6+ Rxf6 30. Rxe8+ Kf7 31. Rf8# 1-0

[Event "Titled Tuesday intern op 06th Sep Late"]
[Site "Chess.com INT"]
[Date "2022.09.06"]
[Round "3"]
[White "Goryachkina, Aleksandra"]
[Black "Belous, Vladimir"]
[Result "0-1"]
[WhiteElo "2579"]
[BlackElo "2525"]
[PlyCount "96"]
[EventDate "2022.09.06"]
[EventType "swiss (blitz)"]
[EventRounds "11"]
[EventCountry "USA"]
[SourceTitle "EXT 2023"]
[Source "ChessBase"]
[SourceDate "2022.10.05"]
[SourceVersion "1"]
[SourceVersionDate "2022.10.05"]
[SourceQuality "1"]

1. e4 c5 2. Nf3 Nc6 3. Bb5 g6 4. Bxc6 dxc6 5. d3 Bg7 6. h3 Nh6 7. Nc3 f6 8. Be3 b6 9. Qd2 Nf7 10. 0-0 0-0 11. Nh2 e5 12. Rae1 Be6 13. b3 Qd7 14. Ne2 Rad8 15. Qc1 g5 16. Ng3 Nh8 17. Nh5 Ng6 18. Qd1 Bh8 19. Ng4 Bg7 20. g3 Qf7 21. Bc1 Kh8 22. Kh2 c4 23. Ne3 cxd3 24. cxd3 Ne7 25. Nxg7 Qxg7 26. f4 exf4 27. gxf4 gxf4 28. Rxf4 Ng6 29. Rf2 Qh6 30. Ng4 Bxg4 31. Qxg4 Qh4 32. Qxh4 Nxh4 33. Re3 Ng6 34. Bb2 Kg7 35. e5 fxe5 36. Rxf8 Rxf8 37. Bxe5+ Nxe5 38. Rxe5 Rf2+ 39. Kg3 Rxa2 40. Re7+ Kg6 41. Re6+ Kf5 42. Rxc6 Rb2 43. Rc7 a5 44. Rxh7 Rxb3 45. Rf7+ Ke6 46. Rf3 a4 47. h4 a3 48. h5 a2 0-1

[Event "Titled Tuesday intern op 06th Sep Late"]
[Site "Chess.com INT"]
[Date "2022.09.06"]
[Round "8"]
[White "Vasquez Schroder, Rodrigo Rafael"]
[Black "Belous, Vladimir"]
[Result "1-0"]
[WhiteElo "2518"]
[BlackElo "2525"]
[PlyCount "49"]
[EventDate "2022.09.06"]
[EventType "swiss (blitz)"]
[EventRounds "11"]
[EventCountry "USA"]
[SourceTitle "EXT 2023"]
[Source "ChessBase"]
[SourceDate "2022.10.05"]
[SourceVersion "1"]
[SourceVersionDate "2022.10.05"]
[SourceQuality "1"]

1. e4 c5 2. Nf3 Nc6 3. d4 cxd4 4. Nxd4 e5 5. Nb5 d6 6. c4 Be6 7. N5c3 Nge7 8. Na3 Nd4 9. Be3 Nec6 10. Nc2 Nxc2+ 11. Qxc2 Rc8 12. Qd2 Be7 13. Be2 0-0 14. 0-0 f5 15. exf5 Bxf5 16. Bf3 Bg6 17. Be4 Bxe4 18. Nxe4 Qd7 19. Rad1 Rcd8 20. Qd5+ Kh8 21. Nc5 Qc8 22. Ne4 Nb4 23. Qb5 Qc6 24. Nc3 a6 25. Qxb4 1-0

[Event "Hollywood Classic 3rd"]
[Site "Los Angeles"]
[Date "2022.08.06"]
[Round "6"]
[White "Belous, Vladimir"]
[Black "Ghazarian, Kirk Vagho"]
[Result "1-0"]
[WhiteElo "2519"]
[BlackElo "2426"]
[PlyCount "91"]
[EventDate "2022.08.03"]
[EventType "swiss"]
[EventRounds "9"]
[EventCountry "USA"]
[SourceTitle "CBM 209 Extra"]
[Source "ChessBase"]
[SourceDate "2022.09.30"]
[SourceVersion "1"]
[SourceVersionDate "2022.09.30"]
[SourceQuality "1"]

1. c4 c5 2. Nc3 Nc6 3. g3 g6 4. Bg2 Bg7 5. d3 d6 6. Nf3 e5 7. Nd2 Nge7 8. Nf1 a6 9. Ne3 Rb8 10. Ned5 Nxd5 11. Nxd5 0-0 12. 0-0 Ne7 13. Bg5 f6 14. Bd2 Nxd5 15. Bxd5+ Kh8 16. b4 Bh3 17. Re1 f5 18. Rb1 b5 19. Qc1 cxb4 20. Rxb4 f4 21. cxb5 Rxb5 22. Rxb5 axb5 23. Qc6 Qf6 24. Bf3 g5 25. Qb6 Be6 26. a3 g4 27. Bg2 f3 28. exf3 gxf3 29. Bf1 Bd7 30. Bb4 Rc8 31. Qb7 Qe6 32. Qxf3 Bc6 33. Qh5 Qd5 34. Re4 Rf8 35. Bd2 Be8 36. Qe2 Bg6 37. Rb4 Rc8 38. Be3 Rc3 39. Qb2 Rc8 40. Rxb5 Qa8 41. Bg2 Qa4 42. Rb8 Qe8 43. Rxc8 Qxc8 44. Qb7 Qf8 45. Be4 Be8 46. Qa8 1-0

[Event "Saint Louis 1000 GM 1st"]
[Site "Saint Louis"]
[Date "2022.07.21"]
[Round "5"]
[White "Belous, Vladimir"]
[Black "Woodward, Andy"]
[Result "1-0"]
[WhiteElo "2519"]
[BlackElo "2486"]
[PlyCount "63"]
[EventDate "2022.07.19"]
[EventType "tourn"]
[EventRounds "9"]
[EventCountry "USA"]
[EventCategory "6"]
[SourceTitle "CBM 209 Extra"]
[Source "ChessBase"]
[SourceDate "2022.09.30"]
[SourceVersion "1"]
[SourceVersionDate "2022.09.30"]
[SourceQuality "1"]

1. c4 Nf6 2. Nf3 g6 3. Nc3 d5 4. d4 Bg7 5. Bf4 0-0 6. e3 c5 7. dxc5 Qa5 8. Rc1 dxc4 9. Bxc4 Qxc5 10. Bb3 Nc6 11. 0-0 Qa5 12. h3 Bf5 13. Qe2 Ne4 14. Nd5 e5 15. Bg5 Nc5 16. Bc4 Be6 17. Ne7+ Nxe7 18. Bxe7 Rfc8 19. Ng5 Bxc4 20. Qxc4 Ne6 21. Qxc8+ Rxc8 22. Rxc8+ Nf8 23. Rd1 h6 24. Ne4 Qa4 25. Nc3 Qc2 26. Bxf8 Bxf8 27. Rdd8 Qxb2 28. Rxf8+ Kg7 29. Nd5 f5 30. Rfd8 g5 31. Rd6 Qc1+ 32. Rxc1 1-0